000 nam a22 7a 4500
999 _c7746
_d7746
008 171005b xxu||||| |||| 00| 0 eng d
100 _94228
_aChhabra.Y.
245 _aEconomics-XII
260 _aNew delhi
_bJPH
_c2009